[Event "Alushta4"]
[Site "Alushta"]
[Date "1994.??.??"]
[Round "8"]
[White "Graf, Alexander"]
[Black "Golubev, Mihail"]
[Result "0-1"]
[WhiteElo "2575"]
[BlackElo "2560"]
[PlyCount "72"]
[EventDate "1994.05.??"]
[Source "ChessBase"]

1. d4 Nf6 2. c4 g6 3. Nc3 Bg7 4. e4 d6 5. f3 O-O 6. Be3 Nc6 7. Nge2 a6 8. a3 Bd7 9. b4 Qb8 10. Nc1 b5 11. cxb5 axb5 12. Nb3 e5 13. d5 Ne7 14. Bd3 Nh5 15. g3 f5 16. Qe2 fxe4 17. fxe4 c6 18. dxc6 Nxc6 19. Bxb5 Nd4 20. Nxd4 exd4 21. Qc4+ Rf7 22. Bxd7 d5 23. Nxd5 dxe3 24. Be6 Bxa1 25. Bxf7+ Kg7 26. O-O Be5 27. Be6 Bxg3 28. Qc3+ Be5 29. Qxe3 Bxh2+ 30. Kg2 Be5 31. Rf7+ Kh8 32. Qh6 Bg7 33. Rxg7 Qg3+ 34. Kh1 Nxg7 35. Qh3 Qe1+ 36. Kg2 Qxe4+ 0-1

[Event "St Petersburg op"]
[Site "St Petersburg"]
[Date "1995.??.??"]
[Round "2"]
[White "Ibragimov, Ildar"]
[Black "Graf, Alexander"]
[Result "0-1"]
[WhiteElo "2520"]
[BlackElo "2605"]
[PlyCount "60"]
[EventDate "1995.05.??"]
[Source "ChessBase"]

1. d4 Nf6 2. c4 g6 3. Nc3 Bg7 4. e4 d6 5. f3 O-O 6. Be3 a6 7. Nge2 Nc6 8. d5 Na5 9. Nc1 c6 10. Qd2 b5 11. cxb5 axb5 12. b4 cxd5 13. exd5 Bb7 14. Bxb5 Rc8 15. Bd4 Nc4 16. Qd3 Ne5 17. Qe3 Bxd5 18. O-O Bc4 19. Bb6 Nfg4 20. fxg4 Nxg4 21. Bxd8 Nxe3 22. Bxc4 Bxc3 23. Bxe7 Nxf1 24. Bxf1 Bd4+ 25. Kh1 Bxa1 26. Nb3 Rfe8 27. Bh4 Re4 28. Bg3 Be5 29. b5 Bxg3 30. hxg3 Ra4 0-1

[Event "Seattle (open)"]
[Site "?"]
[Date "1989.??.??"]
[Round "?"]
[White "Seirawan, Y."]
[Black "Gufeld, E."]
[Result "1/2-1/2"]
[WhiteElo "2610"]
[BlackElo "2490"]
[PlyCount "50"]
[EventDate "1989.??.??"]
[Source "ChessBase"]
[SourceDate "1989.01.01"]

1. d4 Nf6 2. c4 g6 3. Nc3 Bg7 4. e4 d6 5. f3 O-O 6. Be3 Nc6 7. Nge2 a6 8. d5 Ne5 9. Ng3 c6 10. a4 cxd5 11. cxd5 e6 12. Be2 exd5 13. exd5 Re8 14. Qd2 Qa5 15. O-O Bd7 16. b4 Qxb4 17. Rab1 Qh4 18. Nge4 Nxe4 19. Nxe4 Ng4 20. fxg4 Rxe4 21. Bf3 Rxe3 22. Qxe3 Be5 23. g3 Bxg3 24. hxg3 Qxg3+ 25. Kh1 Qh3+ 1/2-1/2

[Event "EU-ch 2nd"]
[Site "Ohrid"]
[Date "2001.06.04"]
[Round "4"]
[White "Kortschnoj, Viktor"]
[Black "Efimenko, Zahar"]
[Result "1/2-1/2"]
[WhiteElo "2643"]
[BlackElo "2439"]
[PlyCount "90"]
[EventDate "2001.06.01"]
[Source "ChessBase"]
[SourceDate "2001.09.13"]

1. d4 Nf6 2. c4 g6 3. Nc3 Bg7 4. e4 d6 5. f3 O-O 6. Nge2 Nc6 7. Be3 a6 8. g3 Rb8 9. a4 e5 10. d5 Na5 11. b3 c5 12. Bg2 Bd7 13. Bd2 Nh5 14. O-O f5 15. exf5 gxf5 16. Qc2 b6 17. Rae1 Qf6 18. f4 e4 19. Bh3 Rbe8 20. Nd1 Qg6 21. Bc3 Nf6 22. Ne3 Nb7 23. Ng2 h5 24. Nh4 Qh7 25. Qb2 a5 26. Nc1 Nd8 27. Kg2 Re7 28. Rh1 Ne8 29. Ne2 Bxc3 30. Nxc3 Nf7 31. Nd1 Nh6 32. Ne3 Qg7 33. Qe2 Qf7 34. Rd1 Ng7 35. Qd2 Qf6 36. Kg1 Kf7 37. Bf1 Ng4 38. Be2 Rh8 39. Qc1 Nxe3 40. Qxe3 Rh6 41. Kf2 Re8 42. Rc1 Rg8 43. Rhe1 Ne8 44. Qc3 Qxc3 45. Rxc3 Nf6 1/2-1/2

[Event "Gausdal"]
[Site "?"]
[Date "1994.??.??"]
[Round "?"]
[White "Agdestein, S."]
[Black "Djurhuus, R."]
[Result "1/2-1/2"]
[WhiteElo "2600"]
[BlackElo "2470"]
[PlyCount "145"]
[EventDate "1994.??.??"]
[Source "ChessBase"]
[SourceDate "1994.10.01"]

1. d4 Nf6 2. c4 g6 3. Nc3 Bg7 4. e4 d6 5. f3 O-O 6. Be3 Nc6 7. Nge2 a6 8. a3 Re8 9. b4 e5 10. d5 Nd4 11. Ra2 a5 12. Kf2 axb4 13. axb4 Rxa2 14. Nxa2 Nxe4+ 15. fxe4 Qh4+ 16. Kg1 Qxe4 17. Qc1 Nf5 18. Bf2 Bh6 19. Nec3 Qg4 20. h3 Qf4 21. Qxf4 exf4 22. Kh2 Bd7 23. Bd3 Bg7 24. Bxf5 Bxf5 25. Rd1 Bc2 26. Rd2 Bb3 27. Bd4 Bxc4 28. Bxg7 Kxg7 29. Nc1 Re3 30. Nd1 Re5 31. Nc3 g5 32. N1e2 Re3 33. Kg1 Kf6 34. Kf2 Ke5 35. Rc2 f5 36. g3 b5 37. gxf4+ gxf4 38. Ng1 Kf6 39. Nce2 Rb3 40. Nxf4 Rxb4 41. Kg3 Rb1 42. Nf3 Rd1 43. Nd2 Ke5 44. Nxc4+ bxc4 45. Rxc4 Ra1 46. h4 Ra3+ 47. Kf2 h6 48. Ng2 Ra7 49. Ne3 f4 50. Ng4+ Kf5 51. Nxh6+ Kg6 52. Ng4 Kf5 53. Nh6+ Kg6 54. Ng4 Kf5 55. Nh2 Ra2+ 56. Kg1 Ra1+ 57. Kg2 Ra2+ 58. Kg1 Ra1+ 59. Nf1 Kg4 60. Kf2 Ra2+ 61. Ke1 Ra5 62. Rd4 Rc5 63. Nd2 Rc1+ 64. Ke2 c6 65. Nb3 Rc3 66. Kd2 Rxb3 67. dxc6 Rb8 68. Kd3 Rc8 69. Rxd6 Kxh4 70. Ke4 Kg5 71. Re6 f3 72. Kxf3 Kf5 73. Rh6 1/2-1/2

[Event "City-Ch, St. Petersb"]
[Site "?"]
[Date "1998.??.??"]
[Round "1"]
[White "Ionov Sergey"]
[Black "Lugovoi Aleksei"]
[Result "1/2-1/2"]
[WhiteElo "2530"]
[BlackElo "2540"]
[PlyCount "40"]
[EventDate "1998.??.??"]
[Source "www.chesslib.no"]
[SourceDate "2004.05.04"]

1. d4 Nf6 2. c4 g6 3. Nc3 Bg7 4. e4 d6 5. f3 O-O 6. Be3 Nc6 7. Nge2 a6 8. Nc1 e5 9. d5 Nd4 10. Nb3 Nxb3 11. Qd3 Bg4 12. Qd2 Qb8 13. Rd1 Nxd5 14. Bg1 a5 15. a3 Qd8 16. Qd4 Qc8 17. Ne2 Qd8 18. Bf2 Nb4 19. Qa7 Qd7 20. Qd4 Rad8 1/2-1/2

[Event "St Petersburg-ch"]
[Site "St Petersburg"]
[Date "1998.04.07"]
[Round "1"]
[White "Ionov, Sergey"]
[Black "Lugovoi, Aleksei"]
[Result "1/2-1/2"]
[WhiteElo "2530"]
[BlackElo "2540"]
[PlyCount "40"]
[EventDate "1998.04.07"]
[Source "ChessBase"]
[SourceDate "1998.08.06"]

1. d4 Nf6 2. c4 g6 3. Nc3 Bg7 4. e4 d6 5. f3 O-O 6. Be3 Nc6 7. Nge2 a6 8. Nc1 e5 9. d5 Nd4 10. Nb3 Nxb3 11. Qxb3 Nd7 12. O-O-O f5 13. Qc2 f4 14. Bf2 a5 15. a3 Qe7 16. Be2 Bf6 17. Kb1 Bh4 18. Bxh4 Qxh4 19. Nb5 Qd8 20. b4 b6 1/2-1/2

[Event "Baden-Baden-B"]
[Site "Baden-Baden"]
[Date "1992.??.??"]
[Round "2"]
[White "Hort, Vlastimil"]
[Black "Xie Jun"]
[Result "1/2-1/2"]
[WhiteElo "2560"]
[BlackElo "2480"]
[PlyCount "89"]
[EventDate "1992.12.??"]
[Source "ChessBase"]

1. d4 Nf6 2. c4 g6 3. Nc3 Bg7 4. e4 d6 5. f3 O-O 6. Be3 Nc6 7. Nge2 a6 8. a3 Rb8 9. b4 b5 10. cxb5 axb5 11. Rc1 Bd7 12. d5 Ne5 13. Nd4 e6 14. dxe6 fxe6 15. Be2 c6 16. O-O Nf7 17. Nb3 e5 18. Rf2 Qe7 19. Na5 Nh5 20. Bf1 Nf4 21. Ne2 Nd8 22. Nxf4 exf4 23. Bd4 Be5 24. Rd2 Bxd4+ 25. Rxd4 Rf6 26. Qb3+ Kg7 27. Qb2 Be8 28. Rxd6 Qxd6 29. e5 Qe6 30. exf6+ Qxf6 31. Qxf6+ Kxf6 32. Rc2 Ra8 33. Bd3 Ra7 34. Be4 Rd7 35. Nxc6 Rd1+ 36. Kf2 Ne6 37. h4 g5 38. Bxh7 gxh4 39. Bg8 Ng5 40. Ke2 Rb1 41. Kf2 Ra1 42. Nd4 Rxa3 43. Rc5 Bd7 44. Bd5 Rd3 45. Nxb5 1/2-1/2

[Event "Kirjeshakki-25 GM 8792"]
[Site "Kirjeshakki-25 GM 8792"]
[Date "1987.??.??"]
[Round "?"]
[White "Burger, Heinrich"]
[Black "Kondali, Jovan"]
[Result "1-0"]
[WhiteElo "2570"]
[BlackElo "2470"]
[PlyCount "69"]
[EventDate "1987.??.??"]
[Source "www.chesslib.no"]
[SourceDate "2004.05.04"]

1. d4 Nf6 2. c4 g6 3. Nc3 Bg7 4. e4 d6 5. f3 O-O 6. Be3 Nc6 7. Nge2 a6 8. Nc1 e5 9. d5 Nd4 10. Nb3 Nxb3 11. Qxb3 Nd7 12. O-O-O f5 13. Qc2 a5 14. exf5 gxf5 15. g4 Nc5 16. Bxc5 dxc5 17. gxf5 Bxf5 18. Bd3 Qd7 19. Rhg1 Kh8 20. Qe2 Rae8 21. Be4 b6 22. Kb1 Bh6 23. Ka1 Rf6 24. Bxf5 Qxf5 25. Ne4 Rf7 26. d6 Bf8 27. dxc7 Rxc7 28. f4 Rc6 29. Rg5 Qxf4 30. Rf1 Qh4 31. Rh5 Qe7 32. Ng5 h6 33. Nf7+ Kg7 34. Rxe5 Re6 35. Rg1+ 1-0

[Event "British CC Ch"]
[Site "British CC Ch"]
[Date "1991.??.??"]
[Round "?"]
[White "Johnson, Maurice W"]
[Black "Verney, K.J."]
[Result "1/2-1/2"]
[WhiteElo "2560"]
[BlackElo "2475"]
[PlyCount "83"]
[EventDate "1991.??.??"]
[Source "www.chesslib.no"]
[SourceDate "2004.05.04"]

1. d4 Nf6 2. c4 g6 3. Nc3 Bg7 4. e4 d6 5. f3 O-O 6. Be3 Nc6 7. Nge2 a6 8. a3 Bd7 9. Qd2 Re8 10. b4 Qb8 11. Rb1 b5 12. Nc1 e5 13. Nb3 exd4 14. Nxd4 Nxd4 15. Bxd4 c5 16. Be3 cxb4 17. Rxb4 Qc7 18. Be2 bxc4 19. Rxc4 Qa5 20. O-O Rac8 21. Rxc8 Rxc8 22. Nb1 Qxd2 23. Bxd2 Rc6 24. Rc1 Rb6 25. Ba5 Rb7 26. Nc3 Ne8 27. Rb1 Rxb1+ 28. Nxb1 Bc8 29. Nc3 Kf8 30. Kf1 Be5 31. g3 Nf6 32. Bb4 Bb7 33. Nd1 Ke7 34. Ne3 Bd4 35. Nc4 Bc5 36. Na5 Bxb4 37. axb4 Bc8 38. Kf2 Ne8 39. Nc6+ Kd7 40. Nd4 Nc7 41. Bd1 Ke7 42. Bb3 1/2-1/2

[Event "New York USA"]
[Site "?"]
[Date "1989.??.??"]
[Round "7"]
[White "Browne Walter Shawne"]
[Black "Gufeld Eduard"]
[Result "0-1"]
[WhiteElo "2535"]
[BlackElo "2490"]
[PlyCount "100"]
[EventDate "1989.??.??"]
[Source "www.chesslib.no"]
[SourceDate "2004.05.04"]

1. d4 Nf6 2. c4 g6 3. Nc3 Bg7 4. e4 d6 5. f3 O-O 6. Be3 Nc6 7. Nge2 a6 8. a3 Bd7 9. b4 e5 10. d5 Ne7 11. Nc1 Nh5 12. Nb3 f5 13. Qd2 Kh8 14. O-O-O Ng8 15. Bd3 Ngf6 16. Kb1 fxe4 17. Bxe4 Nxe4 18. fxe4 Qh4 19. Rdf1 Kg8 20. h3 b6 21. Ka2 Qg3 22. Rfg1 Rf7 23. Nc1 Nf4 24. Rf1 Nxg2 25. Rxf7 Kxf7 26. Bf2 Qf3 27. Rf1 Bxh3 28. c5 bxc5 29. bxc5 Nf4 30. Rg1 Rb8 31. Rg3 Qh5 32. Be3 Kg8 33. Nb3 Bf1 34. Na5 Qh1 35. Rg1 Qh3 36. c6 Rf8 37. Nb7 Bc4+ 38. Ka1 Nd3 39. Na5 Rf1+ 40. Rxf1 Qxf1+ 41. Nb1 Nf4 42. Qb2 Bd3 43. Nb7 Nxd5 44. Bc1 Bxe4 45. Nd2 Qd3 46. Nxe4 Qxe4 47. Qb3 Kf8 48. Nxd6 cxd6 49. Qb8+ Kf7 50. c7 Qc2 0-1

[Event "Shenzhen"]
[Site "Shenzhen"]
[Date "1992.??.??"]
[Round "9"]
[White "Xu Jun"]
[Black "Xie Jun"]
[Result "0-1"]
[WhiteElo "2540"]
[BlackElo "2480"]
[PlyCount "125"]
[EventDate "1992.??.??"]
[Source "ChessBase"]

1. d4 Nf6 2. c4 g6 3. Nc3 Bg7 4. e4 O-O 5. f3 d6 6. Be3 Nc6 7. Nge2 a6 8. Nc1 e5 9. Nb3 exd4 10. Nxd4 Nxd4 11. Bxd4 c6 12. Be2 b5 13. O-O Be6 14. cxb5 axb5 15. a3 d5 16. e5 Nd7 17. f4 f6 18. exf6 Bxf6 19. Rc1 Bxd4+ 20. Qxd4 Qb6 21. Qxb6 Nxb6 22. Nxb5 cxb5 23. Rc6 Na4 24. Rxe6 Nxb2 25. Rb1 Na4 26. Rc6 Rac8 27. Rbc1 Rxc6 28. Rxc6 Rxf4 29. Bxb5 Kg7 30. g3 Re4 31. Kf2 Nb2 32. Rc7+ Kf6 33. Rxh7 Nd1+ 34. Kf1 Nc3 35. Bd7 d4 36. Bc8 Nb1 37. Bb7 Re3 38. Rd7 d3 39. Kf2 Re2+ 40. Kf1 Rb2 41. a4 d2 42. Bf3 Nc3 43. a5 Rb1+ 44. Kg2 d1=Q 45. Bxd1 Nxd1 46. a6 Ne3+ 47. Kf3 Nc4 48. Rc7 Ne5+ 49. Ke4 Ra1 50. a7 Ke6 51. Kf4 Kf6 52. Ke4 Ra5 53. h4 Ke6 54. Kf4 Nf7 55. Rc6+ Nd6 56. g4 Kd7 57. Rb6 Ke7 58. a8=Q Rxa8 59. h5 Rf8+ 60. Kg5 Rf6 61. Rb4 Nf7+ 62. Kh4 g5+ 63. Kg3 0-1

[Event "BLR-ch"]
[Site "Minsk"]
[Date "1994.??.??"]
[Round "10"]
[White "Dydyshko, Viacheslav"]
[Black "Fedorov, Alexei"]
[Result "0-1"]
[WhiteElo "2505"]
[BlackElo "2505"]
[PlyCount "94"]
[EventDate "1994.06.??"]
[Source "ChessBase"]

1. d4 Nf6 2. c4 g6 3. Nc3 Bg7 4. e4 d6 5. f3 O-O 6. Be3 Nc6 7. Nge2 a6 8. Qc2 Bd7 9. Rd1 Qb8 10. b3 b5 11. c5 dxc5 12. dxc5 e5 13. g3 Be6 14. Bg2 Qa7 15. O-O Rad8 16. Kh1 h6 17. Bg1 Kh7 18. f4 Bg4 19. h3 Nd4 20. Rxd4 exd4 21. Nxd4 Nh5 22. Nde2 Bxe2 23. Nxe2 Nf6 24. c6 Qa8 25. e5 Ng8 26. g4 Rfe8 27. Be4 Kh8 28. Nd4 Ne7 29. Qc5 f5 30. exf6 Bxf6 31. Nf3 Qc8 32. Ne5 Qe6 33. Bd4 Kg7 34. Ba1 Rd2 35. Qe3 Red8 36. f5 Qd6 37. Nf3 Rd1 38. Bxf6+ Qxf6 39. Rxd1 Rxd1+ 40. Kg2 gxf5 41. gxf5 Nxf5 42. Qf2 Qg6+ 43. Kh2 Qd6+ 44. Kg2 Qf4 45. Qb2+ Kg8 46. Bxf5 Qxf5 47. Qe2 Rd8 0-1

[Event "US-chT Amateur East"]
[Site "Parsippany"]
[Date "1998.??.??"]
[Round "1"]
[White "Karpov, Anatoly"]
[Black "Kwartler, Lonnie"]
[Result "1-0"]
[WhiteElo "2735"]
[BlackElo "2260"]
[PlyCount "69"]
[EventDate "1998.??.??"]
[Source "www.chesslib.no"]
[SourceDate "2004.05.04"]

1. d4 Nf6 2. c4 g6 3. Nc3 Bg7 4. e4 d6 5. f3 O-O 6. Be3 Nc6 7. Nge2 a6 8. Qd2 e5 9. d5 Na5 10. Ng3 c5 11. dxc6 Nxc6 12. Bd3 Be6 13. O-O Rc8 14. Rfd1 Nd4 15. b3 Nd7 16. Rac1 Nc5 17. Bf1 Ndxb3 18. axb3 Nxb3 19. Qb2 Nxc1 20. Nd5 Bxd5 21. Rxd5 Rc6 22. Qxb7 Qc8 23. Qb2 Qb8 24. Qxc1 Rfc8 25. Qd1 Bf6 26. Nh1 Be7 27. Nf2 Bd8 28. c5 dxc5 29. Ng4 Re6 30. Bc4 Be7 31. Qc2 Bd6 32. Rd1 Re7 33. Bg5 Ra7 34. Nh6+ Kg7 35. Nxf7 1-0

[Event "Hoogovens-B"]
[Site "Wijk aan Zee"]
[Date "1991.??.??"]
[Round "4"]
[White "Van der Sterren, Paul"]
[Black "Cifuentes Parada, Roberto"]
[Result "1-0"]
[WhiteElo "2475"]
[BlackElo "2510"]
[PlyCount "63"]
[EventDate "1991.01.??"]
[Source "ChessBase"]

1. d4 d6 2. e4 g6 3. c4 Bg7 4. Nc3 Nc6 5. Be3 Nf6 6. f3 O-O 7. Nge2 a6 8. Nc1 e5 9. d5 Nd4 10. Nb3 Nxb3 11. Qxb3 c5 12. dxc6 bxc6 13. O-O-O Qe7 14. c5 d5 15. exd5 Nxd5 16. Nxd5 cxd5 17. Qxd5 Be6 18. Qe4 Rab8 19. Rd2 Rfd8 20. Rxd8+ Qxd8 21. Be2 Qa5 22. Bc4 Bf5 23. Qd5 e4 24. Qxf7+ Kh8 25. Bb3 exf3 26. gxf3 Qb5 27. Rd1 Qe2 28. Bd2 Qxf3 29. Re1 Qc6 30. Bc3 Bxc3 31. bxc3 Be4 32. Rxe4 1-0

[Event "Beersheba"]
[Site "Beersheba"]
[Date "1976.??.??"]
[Round "8"]
[White "Bleiman, Yaacov"]
[Black "Liberzon, Vladimir M"]
[Result "1/2-1/2"]
[WhiteElo "2440"]
[BlackElo "2540"]
[PlyCount "49"]
[EventDate "1976.03.??"]
[Source "ChessBase"]

1. d4 Nf6 2. c4 g6 3. Nc3 Bg7 4. e4 d6 5. f3 O-O 6. Be3 Nc6 7. Nge2 a6 8. Nc1 e5 9. d5 Nd4 10. Nb3 Nxb3 11. Qxb3 b6 12. Qc2 Nh5 13. O-O-O f5 14. exf5 gxf5 15. Bd3 Nf4 16. h3 b5 17. g4 Nxd3+ 18. Qxd3 bxc4 19. Qxc4 a5 20. Rdg1 Kh8 21. gxf5 Bxf5 22. Rg3 Qf6 23. h4 Rab8 24. a3 Bh6 25. Bg5 1/2-1/2

[Event "BLR Ch"]
[Site "Minsk BLR"]
[Date "1993.??.??"]
[Round "?"]
[White "Dydyshko, Viacheslav"]
[Black "Fedorov, Alexei"]
[Result "0-1"]
[WhiteElo "2490"]
[BlackElo "2490"]
[PlyCount "72"]
[EventDate "1993.??.??"]
[Source "www.chesslib.no"]
[SourceDate "2004.05.04"]

1. d4 Nf6 2. c4 g6 3. Nc3 Bg7 4. e4 O-O 5. Be3 d6 6. f3 Nc6 7. Nge2 a6 8. Qc2 Bd7 9. Rd1 Ne8 10. g3 b5 11. c5 e5 12. dxe5 Nxe5 13. Bg2 Nc4 14. Bf2 b4 15. Nd5 Nxb2 16. Rb1 Ba4 17. Qd2 Nc4 18. Qxb4 Bb5 19. f4 c6 20. a4 a5 21. Qb3 cxd5 22. axb5 a4 23. Qb4 a3 24. e5 a2 25. Ra1 dxe5 26. O-O exf4 27. Nc3 Ra3 28. Nxd5 f3 29. Qxc4 fxg2 30. Rfd1 Bxa1 31. Rxa1 Nf6 32. Ne3 Qd2 33. Kxg2 Rxe3 34. Rxa2 Rc3 35. Qd4 Qe2 36. Qxc3 Qxf2+ 0-1

[Event "Moscow"]
[Site "Moscow"]
[Date "1986.??.??"]
[Round "?"]
[White "Razuvaev, Yuri S"]
[Black "Hebden, Mark"]
[Result "1-0"]
[WhiteElo "2525"]
[BlackElo "2445"]
[PlyCount "155"]
[EventDate "1986.03.??"]
[Source "ChessBase"]

1. c4 g6 2. d4 Bg7 3. Nc3 Nf6 4. e4 d6 5. f3 O-O 6. Be3 Nc6 7. Nge2 a6 8. Qd2 Bd7 9. Bh6 Bxh6 10. Qxh6 e5 11. d5 Na5 12. Ng3 c5 13. Be2 b5 14. b3 bxc4 15. bxc4 Kh8 16. O-O Rb8 17. Qc1 Kg7 18. Nd1 h5 19. Bd3 h4 20. Ne2 Nh5 21. Qc3 Rb4 22. Ne3 Kh7 23. Nc2 Rb8 24. f4 Ba4 25. Ne3 exf4 26. Nxf4 Qf6 27. e5 Qxe5 28. Qxe5 dxe5 29. Nxh5 f5 30. g4 f4 31. Ng2 Kh6 32. Nhxf4 exf4 33. Nxf4 Bd7 34. Nxg6 Rxf1+ 35. Rxf1 Nxc4 36. Nf8 Ne5 37. Nxd7 Nxd7 38. Rf5 Kg7 39. Bxa6 Rb4 40. h3 c4 41. Rf2 Nc5 42. Bc8 Nd3 43. Rc2 Rb1+ 44. Kh2 Rd1 45. Bf5 Ne5 46. Be4 Rd4 47. Re2 Kf6 48. Bc2 Rxd5 49. Kg2 Ra5 50. a4 Nd3 51. Re4 Nb4 52. Bd1 Nd5 53. Kf3 Nb6 54. Rf4+ Ke6 55. Bc2 Nxa4 56. Rxc4 Nc5 57. g5 Nd7 58. Kf4 Ke7 59. Bf5 Nc5 60. Kg4 Nb3 61. Rc7+ Kd6 62. Rd7+ Ke5 63. Re7+ Kd6 64. Re6+ Kd5 65. Re3 Nd4 66. Bg6 Kd6 67. Bf7 Nf5 68. Re4 Re5 69. Rf4 Ne3+ 70. Kh5 Rc5 71. Bg6 Nd5 72. Rf7 Ke6 73. Rf2 Ne7 74. Bf7+ Kd6 75. Rd2+ Kc7 76. Kxh4 Nf5+ 77. Kg4 Nd6 78. Bd5 1-0

[Event "Groningen op"]
[Site "Groningen"]
[Date "1994.??.??"]
[Round "10"]
[White "Ibragimov, Ildar"]
[Black "Sutovsky, Emil"]
[Result "1/2-1/2"]
[WhiteElo "2480"]
[BlackElo "2480"]
[PlyCount "57"]
[EventDate "1994.12.??"]
[Source "ChessBase"]

1. c4 g6 2. d4 Bg7 3. e4 d6 4. Nc3 Nf6 5. f3 a6 6. Be3 Nc6 7. Nge2 O-O 8. d5 Ne5 9. Ng3 c5 10. Be2 b5 11. cxb5 axb5 12. Nxb5 Ba6 13. O-O Ne8 14. a4 Nc7 15. Qd2 Qb8 16. f4 Nd7 17. Ra3 Bxb5 18. axb5 Rxa3 19. bxa3 Qa7 20. f5 Qxa3 21. Bh6 Bxh6 22. Qxh6 c4 23. Kh1 Ne5 24. fxg6 hxg6 25. Nf5 gxf5 26. Qg5+ Kh7 27. Qh5+ Kg7 28. Qg5+ Kh7 29. Qh5+ 1/2-1/2

[Event "Reykjavik"]
[Site "Reykjavik"]
[Date "1985.??.??"]
[Round "1"]
[White "Thorsteins, Karl"]
[Black "Hjartarson, Johann"]
[Result "1/2-1/2"]
[WhiteElo "2400"]
[BlackElo "2530"]
[PlyCount "49"]
[EventDate "1985.02.??"]
[Source "ChessBase"]

1. d4 Nf6 2. c4 g6 3. Nc3 Bg7 4. e4 d6 5. f3 O-O 6. Be3 Nc6 7. Nge2 a6 8. h4 h5 9. Qd2 Rb8 10. Bh6 e5 11. Bxg7 Kxg7 12. O-O-O b5 13. cxb5 axb5 14. dxe5 Nxe5 15. Nf4 Bd7 16. Be2 Ra8 17. Kb1 b4 18. Ncd5 c5 19. Nxf6 Qxf6 20. Nd5 Qe6 21. b3 Ra7 22. Nf4 Qf6 23. Nd5 Qe6 24. Nf4 Qf6 25. Nd5 1/2-1/2

[Event "OHRA-B"]
[Site "Amsterdam NED"]
[Date "1986.??.??"]
[Round "2"]
[White "Gheorghiu, Florin"]
[Black "Boersma, Paulus A"]
[Result "1/2-1/2"]
[WhiteElo "2525"]
[BlackElo "2405"]
[PlyCount "38"]
[EventDate "1986.07.??"]
[Source "www.chesslib.no"]
[SourceDate "2004.05.04"]

1. d4 Nf6 2. c4 g6 3. Nc3 Bg7 4. e4 d6 5. f3 O-O 6. Be3 Nc6 7. Nge2 a6 8. a3 Bd7 9. b4 Qb8 10. d5 Ne5 11. Nd4 c6 12. Be2 Rc8 13. O-O cxd5 14. Nxd5 Nxd5 15. cxd5 Nc4 16. Bxc4 Rxc4 17. Rc1 Qc7 18. Qd2 Rc8 19. Ne2 Rc2 1/2-1/2

[Event "Tel Aviv"]
[Site "Tel Aviv"]
[Date "1991.??.??"]
[Round "3"]
[White "Soffer, Ram"]
[Black "Porper, Eduard"]
[Result "1-0"]
[WhiteElo "2445"]
[BlackElo "2485"]
[PlyCount "113"]
[EventDate "1991.07.??"]
[Source "ChessBase"]

1. c4 d6 2. Nc3 g6 3. d4 Bg7 4. e4 Nc6 5. Be3 Nf6 6. f3 O-O 7. Nge2 a6 8. Qd2 e5 9. d5 Na5 10. b3 c5 11. dxc6 bxc6 12. Rd1 Nb7 13. g4 Be6 14. Ng3 Qa5 15. h4 Rad8 16. g5 Nh5 17. Nxh5 gxh5 18. Ne2 Qxd2+ 19. Bxd2 f5 20. Bh3 Rde8 21. exf5 Bxf5 22. Bxf5 Rxf5 23. O-O e4 24. f4 Kf7 25. Be3 Kg6 26. Ng3 Bc3 27. Rf2 Bb4 28. Nxf5 Kxf5 29. Rg2 Re6 30. Kf2 Rg6 31. a3 Bxa3 32. Ra1 Bc5 33. Rxa6 d5 34. Bxc5 Nxc5 35. Ra7 Kxf4 36. Rf7+ Ke5 37. Rxh7 Nd3+ 38. Kg3 e3 39. Re7+ Kd4 40. Re2 Ne5 41. Rxe3 Kxe3 42. Rxe5+ Kd4 43. Re8 Kc3 44. cxd5 cxd5 45. Rd8 d4 46. Kf4 d3 47. Kf5 Rb6 48. g6 Rb5+ 49. Kf6 Rb6+ 50. Kf7 Rb7+ 51. Kf8 d2 52. g7 Rb8 53. Rxb8 d1=Q 54. g8=Q Qd6+ 55. Kg7 Kb2 56. Kh7 Qf4 57. Rf8 1-0

[Event "Yangon schev"]
[Site "Yangon"]
[Date "1999.02.05"]
[Round "6"]
[White "Bu Xiangzhi"]
[Black "Ye Jiangchuan"]
[Result "0-1"]
[WhiteElo "2365"]
[BlackElo "2564"]
[PlyCount "90"]
[EventDate "1999.01.??"]
[Source "www.chesslib.no"]
[SourceDate "2004.05.04"]

1. d4 Nf6 2. c4 g6 3. Nc3 Bg7 4. e4 d6 5. f3 O-O 6. Be3 Nc6 7. Nge2 a6 8. d5 Ne5 9. Nd4 c5 10. Nc2 e6 11. a4 exd5 12. cxd5 Nh5 13. Be2 f5 14. exf5 gxf5 15. O-O f4 16. Bf2 Qg5 17. Kh1 Bf5 18. Na3 Rf6 19. Ne4 Bxe4 20. fxe4 Rg6 21. Bf3 Ng3+ 22. Bxg3 fxg3 23. h3 Rf8 24. Rb1 Rh6 25. Nc2 Rh4 26. Qe2 Nxf3 27. Rxf3 Rxf3 28. Qxf3 Rf4 29. Qd3 Qg6 30. Re1 Bxb2 31. Qb3 Be5 32. Qxb7 Qxe4 33. Qb1 Qd3 34. Qc1 Qxd5 35. Ne3 Qf7 36. Rd1 Qh5 37. Nd5 Rf2 38. Re1 Kg7 39. Ne3 Rf4 40. Qc2 Qf7 41. Qe2 c4 42. Nf1 Rd4 43. Qe3 Qf4 44. Qa3 Re4 45. Rb1 Re2 0-1

[Event "Leeuwarden NED"]
[Site "Leeuwarden NED"]
[Date "1995.??.??"]
[Round "6"]
[White "Hoeksema, Hendrik Pieter"]
[Black "Nijboer, Friso"]
[Result "0-1"]
[WhiteElo "2415"]
[BlackElo "2510"]
[PlyCount "80"]
[EventDate "1995.??.??"]
[Source "www.chesslib.no"]
[SourceDate "2004.05.04"]

1. d4 Nf6 2. c4 g6 3. Nc3 Bg7 4. e4 d6 5. f3 O-O 6. Be3 Nc6 7. Nge2 a6 8. h4 h5 9. Qd2 Rb8 10. O-O-O b5 11. Bh6 e5 12. Nd5 Bxh6 13. Qxh6 bxc4 14. Nxf6+ Qxf6 15. d5 Na7 16. Nc3 Nb5 17. Qe3 Nxc3 18. Qxc3 Qf4+ 19. Rd2 f5 20. exf5 Bxf5 21. Bxc4 a5 22. b3 a4 23. Kb2 Rb6 24. b4 Kh8 25. Ka3 c6 26. g3 Qh6 27. Re1 Qg7 28. Qe3 Rfb8 29. dxc6 Rxc6 30. Bd5 Rc7 31. Bg8 Be4 32. Kb2 Bb1 33. Rde2 Rxg8 34. Ka1 Rd7 35. Rg1 Bd3 36. Qf4 Bb5 37. Kb1 Bc4 38. b5 Bxe2 39. Qe3 Re7 40. a3 Bd3+ 0-1

[Event "Terrassa Open"]
[Site "Terrassa ESP"]
[Date "1994.??.??"]
[Round "4"]
[White "Campos Moreno, Javier B"]
[Black "Pavlovic, Milos"]
[Result "0-1"]
[WhiteElo "2445"]
[BlackElo "2480"]
[PlyCount "76"]
[EventDate "1994.07.??"]
[Source "www.chesslib.no"]
[SourceDate "2004.05.04"]

1. d4 Nf6 2. c4 g6 3. Nc3 Bg7 4. e4 d6 5. f3 O-O 6. Be3 Nc6 7. Nge2 a6 8. Qd2 Re8 9. h4 h5 10. Bg5 Rb8 11. O-O-O b5 12. g4 bxc4 13. Ng3 Nxd4 14. Qxd4 Be6 15. Qd2 c6 16. gxh5 Qa5 17. Nge2 Nxh5 18. Nd4 Bd7 19. Bxc4 Rb4 20. Nb3 Qc7 21. Bxa6 Qa7 22. Qd3 Be6 23. f4 Ra8 24. f5 Bxb3 25. axb3 Qxa6 26. fxg6 Qxd3 27. Rxd3 Ra1+ 28. Nb1 Rxe4 29. gxf7+ Kxf7 30. Rf1+ Ke8 31. Kc2 Re2+ 32. Bd2 Be5 33. Nc3 Rxd2+ 34. Rxd2 Rxf1 35. b4 Ng7 36. b5 cxb5 37. Nxb5 Ne6 38. h5 Rh1 0-1

[Event "BLR Ch 43th"]
[Site "Minsk BLR"]
[Date "1978.??.??"]
[Round "8"]
[White "Kapengut, Albert Z"]
[Black "Mochalov, Evgeny V"]
[Result "1-0"]
[WhiteElo "2465"]
[BlackElo "2450"]
[PlyCount "73"]
[EventDate "1978.??.??"]
[Source "www.chesslib.no"]
[SourceDate "2004.05.04"]

1. d4 Nf6 2. c4 g6 3. Nc3 Bg7 4. e4 O-O 5. Be3 d6 6. f3 Nc6 7. Nge2 a6 8. a3 Bd7 9. b4 e5 10. d5 Ne7 11. g4 Nc8 12. Nc1 Ne8 13. h4 f5 14. Be2 Nf6 15. Nd3 c6 16. Nf2 cxd5 17. Nxd5 f4 18. Bc1 Nb6 19. Nxb6 Qxb6 20. c5 dxc5 21. g5 Be6 22. bxc5 Qxc5 23. gxf6 Bxf6 24. Bd2 Rfd8 25. Qc1 Qe7 26. Bc4 Rac8 27. Bxe6+ Qxe6 28. Qb2 Rd7 29. h5 Rc4 30. hxg6 hxg6 31. Ng4 Bg7 32. Rc1 Rxc1+ 33. Qxc1 Rd3 34. Qc7 Qb3 35. Qc8+ Kf7 36. Rh7 Qb2 37. Qc4+ 1-0